000
00447nam a2200181Ia 4500
008
100917s9999 xx 000 0 und d
082
_b
12073
100
_a
मतकरी रत्नाकर
245
_a
खेकडा
260
_b
हंस प्रकाशन
_c
1970
300
_a
148
365
_b
6
520
_a
कथा
630
_a
खेकडा
650
_a
कथा
730
_a
खेकडा
942
_c
BOOK
999
_c
617467
_d
617464